000 00603cam a2200193 4500500
005 20260405004013.0
041 _afre
042 _adc
100 1 0 _aWorms, Frédéric
_eauthor
245 0 0 _aObélix et la résistance de la bonté
260 _c2014.
500 _a67
690 _aAstérix
690 _aBonté
690 _aMorale
690 _aVice
786 0 _nPhilosophie magazine - Hors séries | Hors-série Hiver 2014-2015 | HS24 | 2014-12-01 | p. 2-3 | 2104-9246
856 4 1 _uhttps://shs.cairn.info/magazine-philosophie-magazine-2014-hs24-page-2?lang=fr&redirect-ssocas=7080
999 _c2072838
_d2072838